Модификации галодифа аминокислотами через реакцию ацилирования; Химия и химическая технология в XXI веке

Մատենագիտական մանրամասներ
Parent link:Химия и химическая технология в XXI веке.— 2019.— [С. 191-192]
Հիմնական հեղինակ: Обернихина Е. С.
Համատեղ հեղինակ: Национальный исследовательский Томский политехнический университет Инженерная школа новых производственных технологий Научно-образовательный центр Н. М. Кижнера
Այլ հեղինակներ: Штрыкова В. В. Виктория Викторовна (научный руководитель), Куксёнок В. Ю. Вера Юрьевна
Ամփոփում:Заглавие с экрана
Լեզու:ռուսերեն
Հրապարակվել է: 2019
Շարք:Химия и химическая технология органических веществ и материалов
Խորագրեր:
Առցանց հասանելիություն:http://earchive.tpu.ru/handle/11683/55556
Ձևաչափ: MixedMaterials Էլեկտրոնային Գրքի գլուխ
KOHA link:https://koha.lib.tpu.ru/cgi-bin/koha/opac-detail.pl?biblionumber=629392

MARC

LEADER 00000naa2a2200000 4500
001 629392
005 20240122104549.0
035 |a (RuTPU)RU\TPU\conf\30002 
035 |a RU\TPU\conf\30001 
090 |a 629392 
100 |a 20190619d2019 k y0rusy50 ca 
101 0 |a rus 
102 |a RU 
105 |a y z 101zy 
135 |a drgn ---uucaa 
181 0 |a i  
182 0 |a b 
200 1 |a Модификации галодифа аминокислотами через реакцию ацилирования  |f Е. С. Обернихина, В. В. Штрыкова  |g науч. рук. В. Ю. Куксёнок 
203 |a Текст  |c электронный 
225 1 |a Химия и химическая технология органических веществ и материалов 
300 |a Заглавие с экрана 
320 |a [Библиогр.: с. 192 (4 назв.)] 
463 0 |0 (RuTPU)RU\TPU\conf\29907  |t Химия и химическая технология в XXI веке  |o материалы XX Международной научно-практической конференции имени профессора Л. П. Кулёва студентов и молодых ученых, 20–23 мая 2019 г., г. Томск  |f Национальный исследовательский Томский политехнический университет  |v [С. 191-192]  |d 2019 
610 1 |a электронный ресурс 
610 1 |a труды учёных ТПУ 
610 1 |a модификации 
610 1 |a галодиф 
610 1 |a аминокислоты 
610 1 |a ацилирование 
610 1 |a биологически активные вещества 
610 1 |a растворимость 
610 1 |a водные растворы 
700 1 |a Обернихина  |b Е. С. 
701 1 |a Штрыкова  |b В. В.  |c химик  |c доцент Томского политехнического университета, кандидат химических наук  |f 1962-  |g Виктория Викторовна  |3 (RuTPU)RU\TPU\pers\28949  |9 13682 
702 1 |a Куксёнок  |b В. Ю.  |c химик  |c инженер Томского политехнического университета  |f 1989-  |g Вера Юрьевна  |4 727 
712 0 2 |a Национальный исследовательский Томский политехнический университет  |b Инженерная школа новых производственных технологий  |b Научно-образовательный центр Н. М. Кижнера  |3 (RuTPU)RU\TPU\col\23556 
801 2 |a RU  |b 63413507  |c 20190807  |g RCR 
856 4 |u http://earchive.tpu.ru/handle/11683/55556 
942 |c BK